Možnosti aplikácie daňových zásad na konštrukciu zdaňovania príjmov v SR diplomová práca

Salvato in:
Dettagli Bibliografici
Autore principale: Seman, Martin
Ente Autore: Národohospodárska fakulta EU. Katedra financií
Altri autori: Zubaľová, Alena, 1959-
Natura: Libro
Lingua:slovacco
Pubblicazione: Bratislava 2009
Tags: Aggiungi Tag
Nessun Tag, puoi essere il primo ad aggiungerne!!

MARC

LEADER 00000nam$a2200000$$$4500
001 0096825
005 20240318141419.6
041 0 |a slo 
044 |a SK 
245 1 0 |a Možnosti aplikácie daňových zásad na konštrukciu zdaňovania príjmov v SR  |b diplomová práca  |c Martin Seman ; škol. Alena Zubaľová 
264 1 |a Bratislava  |c 2009 
300 |a 68 s. 
100 1 |a Seman, Martin 
700 1 |a Zubaľová, Alena, 1959- 
710 2 |a Národohospodárska fakulta EU. Katedra financií